[Event "Reykjavik zt"]
[Site "Reykjavik"]
[Date "1995.??.??"]
[Round "9"]
[White "Petursson, Margeir"]
[Black "Agdestein, Simen"]
[Result "1-0"]
[WhiteElo "2535"]
[BlackElo "2600"]
[Annotator "Petursson,M"]
[PlyCount "93"]
[EventDate "1995.03.??"]
[EventType "swiss"]
[EventRounds "11"]
[EventCountry "ISL"]
[SourceTitle "CBM 047"]
[Source "ChessBase"]
[SourceDate "1995.08.01"]
[SourceVersion "1"]
[SourceVersionDate "1995.08.01"]
[SourceQuality "1"]

1. d4 {Ftacnik} Nf6 2. c4 g6 3. Nc3 d5 4. cxd5 Nxd5 5. e4 Nxc3 6. bxc3 Bg7 7.
Nf3 c5 8. Be3 O-O 9. Rc1 Qa5 10. Qd2 e6 11. Bh6 $1 Nc6 12. h4 (12. Bxg7 {
Ftacnik} Kxg7 13. d5 exd5 14. exd5 Re8+ 15. Be2 Ne5 16. O-O Bd7 17. Rfd1 Rad8
18. Qb2 b6 19. Nd2 Bf5 20. f4 Ng4 21. Bb5 Ne3 22. Re1 Bd7 23. Nb3 {Olsen,
P-Tortarolo,M/Aosta op (04)/1990/1-0 (23)}) 12... cxd4 13. Bxg7 Kxg7 14. cxd4
Rd8 (14... Qxd2+ 15. Kxd2 Rd8 16. Ke3 h5 (16... Bd7 {Ftacnik} 17. Rb1 (17. h5
f6 18. Bd3 Rac8 19. hxg6 hxg6 20. e5 Rh8 21. Be4 f5 22. Bxc6 Rxc6 23. Rxh8 Kxh8
24. Rh1+ {Yermolinsky,A-Benjamin,J/Philadelphia World op (8)/1992/0.5 (33)})
17... Rab8 (17... b6 18. Ba6 Bc8 19. Bd3 Bb7 20. h5 Rac8 21. Rh3 f6 22. hxg6
hxg6 23. Rbh1 Rh8 24. Rxh8 {Koepcke,R-Henao,R/USA-op Los Angeles/1991/0.5 (26)}
) 18. Bd3 Ne7 19. h5 f6 20. hxg6 hxg6 21. Rh2 b6 22. g4 e5 23. dxe5 Bxg4 24.
exf6+ {Karpov,An-Kasparov,G (15)/Wch-KK5 Lyon/1990/0.5 (33)}) 17. Bb5 Bd7 18.
Bxc6 Bxc6 19. Ne5 Rac8 20. Nxc6 Rxc6 21. Rxc6 bxc6 22. Rc1 Rc8 23. Kd3 Kf6 24.
Rb1 {Karpov,An-Trammell,G/St Martin simul/1992/1-0 (78)}) (14... Bd7 {Ftacnik}
15. Rb1 Rfd8 16. Bd3 Be8 17. Qxa5 Nxa5 18. Kd2 h5 19. Rhc1 Rac8 20. Ke3 Rxc1
21. Rxc1 Nc6 22. Rb1 b6 23. Rc1 Kf8 24. a3 {Maximenko,A-Baikov,V/URS-chT Azov/
1991/1-0 (59)}) 15. Qxa5 Nxa5 16. Kd2 Bd7 17. h5 $5 (17. Bd3 Rac8 18. h5 gxh5
$6 19. Rb1 b6 20. Rxh5 h6 21. Rbh1 Rh8 22. Ne5 $16 Be8 {Ftacnik} 23. R5h3 Nc6
24. Rc1 {Olafsson,H-Benjamin,J/St. Martin op (6)/1993/1-0 (37)}) 17... f6 (
17... Rac8 {Ftacnik} 18. Bd3) 18. Rc5 Nc6 (18... b6 $2 19. Rc7 $16 {xa7}) 19.
hxg6 hxg6 20. Bd3 Rac8 21. Rhc1 Kf7 (21... Ne7 $2 22. Rc7 $18) 22. Ke3 (22. d5
$5 Nb4 23. Rc7 $14) 22... g5 23. g4 (23. Bb1 g4 24. Nd2 e5 25. d5 Nd4 $13) (23.
Nd2 {Ftacnik} Ke7) 23... e5 $1 $13 (23... Nb4 {Ftacnik} 24. Rc7 Ke8 25. Bb1 $14
) 24. dxe5 Bxg4 (24... Nxe5 {Ftacnik} 25. Nxe5+ fxe5 26. Rc7 Ke8 27. f3 $14)
25. Bc4+ (25. exf6 $2 {Ftacnik} Bxf3 26. Bc4+ Kg6 $1 27. Bd5 (27. Kxf3 Nd4+ $19
) 27... Bg4) 25... Kg6 26. Bd5 Nxe5 $6 (26... Bxf3 27. Bxc6 Rxc6 28. Rxc6 bxc6
29. Kxf3 fxe5 30. Rxc6+ Kh5 $10 31. Ra6) 27. Nxe5+ fxe5 28. Bxb7 Rxc5 29. Rxc5
Rf8 (29... Re8 {Ftacnik} 30. f3 Bd7 31. Ra5 $16) 30. Rxe5 Rf3+ 31. Kd4 Rxf2 32.
Bd5 $6 (32. Ra5 $1 Rf7 33. Rxa7 (33. Bd5 Rd7 (33... Re7 $5) 34. Ra6+ Kh5 (34...
Kg7 35. e5 Bf3 36. Rd6 Rxd6 37. exd6 Bg4 38. Ke5 Kf8 39. Kf6 Ke8 40. Kxg5 Bh3
41. Kf6 $14) 35. e5 $16) 33... Kh5) 32... Rf8 (32... Rd2+ $10) (32... Rd2+ {
Ftacnik} 33. Kc5 Bf3 34. Re7 g4 35. Rxa7 g3 $132) 33. Re7 Bf3 (33... a6 {
Ftacnik} 34. Ke5 Be2 35. Be6 $40) 34. Ke5 $1 g4 35. Be6 a5 $6 (35... Bxe4 $1
36. Bxg4 $14 (36. Kxe4 Kf6 $10)) (35... g3 {Ftacnik} 36. Bf5+ Kg5 37. Rg7+ Kh4
38. Kf4 $16) 36. Bf5+ Kg5 37. Rg7+ Kh4 38. Kf4 Kh3 (38... Rh8 {Ftacnik} 39.
Bxg4 $18) 39. e5 (39. a3 Kg2 40. e5 Kf2 41. e6 g3 42. e7 Rxf5+ 43. Kxf5 Bc6 $10
) 39... Bd1 $4 (39... Bd5 40. Rh7+ (40. Rxg4 Be6 41. Rg5+ Kh4 42. a3 Rf7 $10)
40... Kg2 41. Kxg4 Bxa2 42. e6 $14) (39... Rxf5+ $2 {Ftacnik} 40. Kxf5 g3 41.
Kf4 $18) 40. e6 Bc2 41. Rf7 Bxf5 42. Kxf5 $1 $18 (42. Rxf8 {Ftacnik} Bxe6 43.
Re8 Bd7 (43... Bxa2 44. Re3+ g3 (44... Kh4 45. Re2 $18) 45. Rxg3+ Kh2 46. Ra3
Bd5 47. Rxa5 Bc6 $10) 44. Re7 Bc8 45. Ra7 $16) 42... Re8 (42... Rh8 {Ftacnik}
43. e7 g3 44. Rf8 Rxf8+ 45. exf8=Q g2 46. Qh6+ Kg3 47. Qf4+ Kh3 48. Qf2 Kh2 49.
Kg4 $18) 43. e7 g3 44. Rh7+ Kg2 45. Ke6 Ra8 (45... Kf2 {Ftacnik} 46. Rf7+ Ke2
47. Rg7 Kf2 48. Kf7 Ra8 49. e8=Q Rxe8 50. Kxe8 g2 51. Kd7 g1=Q 52. Rxg1 Kxg1
53. Kc6 a4 54. Kb5 a3 55. Kb4 Kf2 56. Kxa3 Ke3 57. Kb4 $18) 46. Rf7 Kh2 47. Rf8
(47. Rf8 {Ftacnik} g2 48. Rxa8 g1=Q 49. Rh8+ Kg2 50. Rg8+ $19) 1-0

[Event "NED-chT playoff"]
[Site "Breda"]
[Date "1998.05.22"]
[Round "2"]
[White "Piket, Jeroen"]
[Black "Sokolov, Ivan"]
[Result "1/2-1/2"]
[WhiteElo "2575"]
[BlackElo "2625"]
[Annotator "Piket,L"]
[PlyCount "69"]
[EventDate "1998.05.21"]
[EventType "team"]
[EventRounds "2"]
[EventCountry "NED"]
[SourceTitle "CBM 065"]
[Source "ChessBase"]
[SourceDate "1998.08.06"]
[SourceVersion "1"]
[SourceVersionDate "1998.08.06"]
[SourceQuality "1"]

1. d4 Nf6 2. c4 g6 3. Nc3 d5 4. cxd5 Nxd5 5. e4 Nxc3 6. bxc3 Bg7 7. Be3 c5 8.
Rc1 O-O 9. Qd2 Qa5 10. Nf3 cxd4 11. cxd4 Qxd2+ 12. Nxd2 e6 13. Nb3 b6 (13... a5
$5) 14. f3 (14. Bd3 $5 Ba6 15. Ke2) (14. Bb5 {ECO}) 14... Ba6 (14... a5 $5 15.
Bd3 a4 16. Nd2 Na6 17. Rb1 Rd8 18. Nc4 Bxd4 19. Ke2 Bxe3 20. Kxe3 Nc5 21. Be2)
15. Kd2 Rd8 16. Bc4 Bf8 (16... Bb7 $5 17. Bg5 Rc8 18. Bb5 (18. d5 exd5 19. Bxd5
(19. exd5 Nd7 20. Bb5 Bf6 21. Bf4 (21. h4 Bxg5+ 22. hxg5 Bxd5) (21. Bxf6 Nxf6
22. Bc6 Rc7 $15) 21... Bxd5 $1) 19... Nc6) 18... Nc6 19. d5 exd5 20. exd5 Nb4
21. d6 f6 $13) 17. Bg5 Rd7 (17... Rc8 18. Bd3 (18. Bxa6 Nxa6 19. Rxc8 Rxc8 20.
Rc1) 18... Ba3 19. Rxc8+ Bxc8 $13) 18. a4 Bxc4 (18... Ba3 19. Bb5 $1 (19. Rc2
Rc7 20. Bxa6 Rxc2+ 21. Kxc2 Nxa6 22. Ra1 Rc8+ 23. Kd1 Bb2 (23... Bd6) 24. Rb1)
19... Bxc1+ 20. Rxc1 Bxb5 21. Rc8+ Kg7 22. axb5 a5 23. Bf4 (23. bxa6 Rda7 $1)
23... a4 24. Nc1 Rxd4+ 25. Kc3 Rd1 26. Kc2 Rg1 27. Rxb8 $14) 19. Rxc4 Na6 20.
Ke2 Kg7 21. Rhc1 f6 22. Bf4 Rad8 23. Rc8 $2 (23. g4 h6 24. h4 Bd6 25. Bxd6 Rxd6
26. Ke3 Kf7 27. R1c2 R6d7 28. Nc1 Rb7 29. Nd3 Rdd7 30. g5) 23... Bd6 24. Bxd6
Rxd6 25. g4 Kf7 26. h4 Ke7 27. g5 f5 28. R1c4 Rxc8 29. Rxc8 Rd8 30. Rc4 fxe4
31. fxe4 Rf8 32. Ke3 Kd7 33. Nd2 Nb8 34. e5 h6 35. gxh6 {Piket-Sokolov 1/2
Breda Play-Off'98} 1/2-1/2

[Event "Bundesliga 0607"]
[Site "Germany"]
[Date "2007.03.31"]
[Round "14.2"]
[White "Postny, Evgeny"]
[Black "Baramidze, David"]
[Result "1/2-1/2"]
[WhiteElo "2616"]
[BlackElo "2561"]
[Annotator "Postny,E"]
[PlyCount "64"]
[EventDate "2006.10.28"]
[EventType "team-tourn"]
[EventRounds "15"]
[EventCountry "GER"]
[SourceTitle "CBM 118"]
[Source "ChessBase"]
[SourceDate "2007.05.31"]
[SourceVersion "1"]
[SourceVersionDate "2007.05.31"]
[SourceQuality "1"]
[WhiteTeam "Eppingen"]
[BlackTeam "Bindlach"]
[WhiteTeamCountry "GER"]
[BlackTeamCountry "GER"]

1. d4 Nf6 2. c4 g6 3. Nc3 d5 4. cxd5 Nxd5 5. Bd2 {A quiet line, which has
recently gained some popularity, mainly thanks to the efforts of Alexey Dreev.}
Nb6 {Attacking the Pd4 immediatly, not allowing White to build a strong centre
so easily.} ({A more common line is:} 5... Bg7 6. e4 Nb6 7. Be3 O-O) 6. Bg5 ({
It's also possible to develop the knight first:} 6. Nf3 Bg7 7. Rc1 O-O 8. Bg5
h6 9. Bh4 g5 10. Bg3 c5 11. d5 e6 12. d6 Nd5 (12... Nc6 $5) 13. h4 g4 14. Ne5
Qxd6 15. e4 f5 16. exf5 Bxe5 17. Nb5 Qc6 18. Bxe5 exf5 19. Nd6 Nb6 20. f3 Be6
21. Bb5 Qd5 22. Qe2 N8d7 23. Bf4 gxf3 24. gxf3 $16 {1-0 Morozevich,A (2747)
-Shirov,A (2720)/Pamplona ESP 2006/The Week in Chess 633 (33)}) 6... Bg7 7. e3
h6 8. Bh4 c5 $5 $146 {A standard strike for the whole Gruenfeld opening.
Temporarily sacrificing a pawn, Black opens the long diagonal in order to put
pressure on White's queenside. Somehow, in all previous encounters Black went
for c7-c5 only after castling.} (8... O-O 9. Nf3 c5 10. dxc5 N6d7 11. Rc1 Nc6
12. Bb5 Nxc5 13. O-O g5 14. Bg3 Be6 15. Bxc6 bxc6 16. Nd4 $14 {1/2-1/2 Dreev,A
(2705)-Sutovsky,E (2665)/Sochi 2005/CBM 107 (60)}) 9. dxc5 Bxc3+ {Giving up
the proud bishop, but spoiling White's pawn structure.} (9... N6d7 10. Rc1 (10.
Bb5 $5 O-O 11. Nge2 g5 12. Bg3 Nxc5 13. Qc2 $14) 10... O-O 11. b4 a5 12. b5 g5
13. Bg3 Nxc5 14. Nd5 Nbd7 15. Nc7 Rb8 16. Ne8 Bb2 $1 17. Bxb8 Rxe8 18. Rc4 Ba3
19. Bg3 Bb4+ 20. Rxb4 axb4 21. Bc4 {with mutual chances; I would assess the
position as equal.}) 10. bxc3 Qxd1+ 11. Rxd1 N6d7 (11... Na4 $4 12. Bb5+ Bd7
13. Rxd7 $18) 12. Bb5 (12. Rd5 {looks too awkward to be true.} b6 13. cxb6 axb6
14. Rd2 Ra3 15. Bb5 Ba6 16. c4 Bxb5 17. cxb5 Nc5 {with sufficient compensation.
}) 12... a6 13. Ba4 Nc6 14. Nf3 (14. Rd5 g5 $1 15. Bg3 Nf6 16. Rd1 Ne4 $11)
14... Nxc5 15. Bxc6+ bxc6 {The structure has become symmetrical. The position
has strong drawish tendencies due to the presense of the opposite-coloured
bishops. It seems that the whole opening line does not promise White much...}
16. Nd4 a5 $5 {This move came as a surprise to me; after it I fell into deep
thought.} (16... Bd7 $11) 17. f3 $6 {After calculating a lot of lines, I went
for a solid move, covering the e4 square and blocking the long diagonal.
However, objectively it was stronger to take on c6 immediately.} (17. Nxc6 Bb7
18. Nxe7 (18. Bxe7 $2 Ne4 $1 19. Ne5 Kxe7 20. Rd7+ Ke6 21. Rxb7 Rhb8 $19 (21...
Kxe5 $4 22. Re7+ Kf5 (22... Kd5 23. c4+ {[%csl Re4]}) 23. g4+ {[%csl Re4]}))
18... g5 (18... Bxg2 19. Nd5 Bxh1 20. Nc7+ Kf8 21. Nxa8 g5 (21... Bxa8 $4 22.
Bf6 $18 {[%csl Rh8][%cal Gd1d8]}) 22. Bg3 Bxa8 23. Bd6+ Kg7 24. Bxc5 $14) 19.
Bg3 (19. Nd5 $2 gxh4 20. Nc7+ Ke7 21. Nxa8 Bxg2 22. Rg1 Bxa8 $19) 19... Bxg2 (
19... Kxe7 $2 20. Bd6+ $16) 20. Nd5 $1 (20. Rg1 $2 Bf3 21. Nd5 Bxd1 22. Nc7+
Ke7 23. Nxa8 Bf3 24. Nb6 Rd8 $19) 20... Bxh1 21. Nc7+ Ke7 22. Nxa8 (22. Bd6+ $2
Kd7 23. Nxa8 Kc6 24. Bxc5 Kxc5 25. Nc7 Kc6 26. Na6 Ra8 $19) 22... Bf3 23. Bd6+
Kd7 24. Be5+ Bxd1 25. Nb6+ Kc6 26. Bxh8 Bg4 27. Nc4 Be6 28. Nxa5+ Kb5 29. Nb3
Nxb3 30. axb3 Bxb3 $11) 17... Ba6 18. Nxc6 g5 $2 {This move is apparently
needed, but is actually a serious mistake!} (18... Nd3+ 19. Kd2 Nb2 20. Rb1
Nc4+ 21. Kc1 Kd7 $1 $15) 19. Bg3 Nd3+ 20. Kd2 Nb2 21. Rb1 Nc4+ 22. Kc1 f6 $1 (
22... Nxe3 23. Re1 Nd5 24. Nxe7 $2 (24. Kb2 $1 $14) 24... Nxe7 25. Bd6 Kd7 26.
Bxe7 Rhe8 $19 (26... Rae8 $4 27. Rb6 $16)) (22... Kd7 $2 23. Nb8+ {That's the
main drawback of 18...g5.}) 23. e4 e5 {[%cal Gh8h7,Gh7c7] White is a pawn up,
but has to be careful, since his outpost knight is in danger.} 24. Rd1 $6 (24.
Nb8 $1 Bc8 25. h4 $1 g4 26. f4 Rh7 27. fxe5 fxe5 28. Nc6 Bb7 29. Nxe5 Nxe5 30.
Bxe5 Bxe4 31. Rb2 {and White successfully exchanged his knight, and even kept
his extra pawn. On the other hand, the winning chances are not so high,
because of opposite coloured bishops.}) 24... Rh7 25. Bf2 Rc7 26. Nb8 Bc8 27.
Bb6 (27. Rd5 Na3 28. Rb6 Rxc3+ 29. Kb2 Rxf3 $1 30. gxf3 Nc4+ 31. Kc3 Nxb6 32.
Bxb6 Rxb8 33. Rd8+ Ke7 34. Bxa5 Rb5 35. Rxc8 Rxa5 $11) 27... Rb7 (27... Nxb6 $6
28. Rxb6 Rxc3+ 29. Kb2 Rc7 30. Rdd6 Ke7 31. Na6 {The knight will get out and
White has a somewhat better endgame.}) 28. Rd8+ Kf7 29. Ba7 $1 {[%mdl 256] The
only move that saves the knight. An amusing position has arisen with a bunch
of pieces in the corner.} (29. Rxc8 $4 Nxb6 {loses material.}) 29... Rc7 (29...
Raxa7 30. Rxc8 Rxb1+ 31. Kxb1 Rb7+ 32. Kc1 Na3 33. Nc6 Rb1+ 34. Kd2 Rb2+ 35.
Kd3 Rxg2 36. Rc7+ Ke6 37. Nd8+ Kd6 38. Rf7 $11) 30. Bb6 Rb7 31. Ba7 Rc7 32. Bb6
Rb7 1/2-1/2

[Event "FIDE World Cup"]
[Site "Tromsoe"]
[Date "2013.08.12"]
[Round "1.2"]
[White "Postny, Evgeny"]
[Black "Li, Chao B"]
[Result "1/2-1/2"]
[WhiteElo "2628"]
[BlackElo "2693"]
[Annotator "Postny,E"]
[PlyCount "59"]
[EventDate "2013.08.11"]
[EventType "k.o."]
[EventRounds "7"]
[EventCountry "NOR"]
[SourceTitle "CBM 156"]
[Source "ChessBase"]
[SourceDate "2013.09.17"]
[SourceVersion "1"]
[SourceVersionDate "2013.09.17"]
[SourceQuality "1"]

1. d4 Nf6 2. c4 g6 3. Nc3 d5 4. Nf3 Bg7 5. cxd5 Nxd5 6. e4 Nxc3 7. bxc3 c5 8.
Rb1 {I went for this complicated line, which I hadn't played before, trying to
surprise my opponent.} O-O 9. Be2 cxd4 10. cxd4 Qa5+ 11. Bd2 Qxa2 12. O-O b6 {
Black decided to deviate from the main continuation 12...Bg4. The move in the
text has also appeared in hundreds of games. White has a fine initiative for
the pawn, but has to prove it with energetic play.} 13. Qc1 Bb7 (13... Qe6 14.
Re1 Bb7 15. Bb5 $1 Na6 16. Bf4 Qc8 17. Qe3 Qd8 18. d5 $2 (18. Rec1 Rc8 19. Rxc8
Qxc8 20. Rc1 Qa8 21. Qa3 $16) 18... Nc5 19. Ne5 e6 20. Nc6 Bxc6 21. Bxc6 Rc8
$13 {0-1 (40) Bacrot,E (2725)-Ivanchuk,V (2755) Thessaloniki 2013}) 14. Bc4 Qa4
15. Bb5 Qa2 16. Re1 {I didn't intend to repeat moves by 16.Bc4 and go to the
tie-break straight away, I wanted to play for a win.} Rc8 17. Qd1 Qc2 (17... e6
18. h4 Qc2 19. Qe2 Qc7 20. Rec1 Qd8 21. Bg5 Qf8 22. d5 $1 a6 23. Ba4 exd5 24.
Rxb6 Rxc1+ 25. Bxc1 $36 {1-0 (36) Stull,N (2602)-Gozman,A (2590) ICCF corr 2004
}) 18. Qe2 Qc7 $6 {It's true that the queen is in danger. Still, Black should
try to complete the development as soon as possible.} (18... Nc6 19. Bd3 Qa2
20. Bc4 Qa4 21. Bb3 Qa6 $13 {1/2-1/2 (31) Lautier,J (2645)-Shirov,A (2695)
Belgrade 1995}) 19. Rec1 Qd8 20. Rxc8 Bxc8 {I considered the other recapture
as more logical, keeping the bishop on the long diagonal. However, White keeps
an initiative there as well.} (20... Qxc8 21. Rc1 Qd8 22. Bf4 $36 {[%cal Gc1c7]
}) 21. Bc4 $1 $146 {At this point I was already playing on my own and figured
out this novelty over the board.} (21. Bf4 Bd7 22. Rc1 a6 $6 (22... Bxb5 23.
Qxb5 Nd7 $13) 23. Bc4 e6 24. d5 b5 25. Bb3 $16 {1-0 (37) Agrest,E (2415)
-Krzywicki,D (2265) Bielsko Biala 1990}) 21... a5 (21... e6 22. d5 Qe7 23. e5
$16) 22. Bf4 $2 {A logical move, but the position required more drastic
measures. I did consider 22.Ng5, followed by the piece sacrifice, but it was
impossible to figure out what's going on afterwards. I could rely only on my
intuition.} (22. Ng5 $1 e6 23. d5 h6 24. dxe6 $3 ({The other sacrifice} 24.
Nxf7 $5 {is also interesting, but less convincing.} Kxf7 25. Be3 Kg8 26. dxe6
Kh7 27. Rxb6 $44) 24... hxg5 25. exf7+ Kh7 26. Rb5 $1 {Surprisingly, Black
doesn't have an adequate defence. The variations are truly spectacular:} g4 (
26... Nc6 27. Rxg5 Bh6 28. Qe3 $1 Bxg5 29. f8=Q $1 (29. Qxg5 $4 Qxg5 30. f8=Q
Qxg2+ 31. Kxg2 Bh3+ 32. Kxh3 Rxf8 $19) 29... Qxf8 30. Qxg5 {and Black has no
defence against 31.Qh4+ Kg7 32.Bc3+ mating.}) (26... Ba6 $2 27. Rxg5 Bxc4 28.
Rh5+ $1 $18) (26... Bh6 27. Re5 {[%cal Ge5e8]} Bd7 28. Bxg5 $1 Bxg5 29. Re8 $1
Qxe8 30. fxe8=Q Bxe8 31. Qg4 $18) 27. h4 $3 {This computer move is just
amazing.} Qxh4 (27... gxh3 $2 28. Rh5+ $1 $18) (27... Nd7 28. Rg5 Ne5 29. h5
gxh5 30. Rxh5+ Kg6 31. Rg5+ Kh7 32. Bf4 Nxc4 33. e5 $1 $18 {[%cal Ge2e4]}) 28.
Qd3 Nd7 29. Qd5 $18 Ra7 $140 {[%tqu "En","Can you spot the mate in two?","","",
"f7f8N","",3]} 30. f8=N+ $1 Nxf8 31. Qg8#) 22... Na6 23. Ne5 Bxe5 $1 {No fear!
Unfortunately, Black can deal with matters reasonably well even without his
great bishop.} (23... e6 $6 24. Qf3 $1 {[%cal Ge5f7] Here it would be much
more frightening for Black to exchange on e5, because after e7-e6 the dark
squares near the king are seriously weakened.} (24. Nc6 $6 Qe8 25. Rxb6 Nb4 26.
Nxb4 axb4 $11)) 24. Bxe5 Nb4 25. d5 Bd7 26. Ba1 b5 $1 {Correctly giving back
the extra pawn, but achieving the desirable simplification.} 27. Bxb5 $6 {
At this point I already didn't believe in my position, and succumbed to a draw.
} (27. Bb3 $1 {was a better practical try, but I was worried about these
connected passers.} a4 (27... Rc8 28. Qd2 a4 29. Qxb4 axb3 30. Qxb3 $14) 28.
Bd1 Na6 29. Qb2 f6 30. e5 $36) 27... Bxb5 28. Qxb5 Nc2 {[%cal Gc2a1,Gc2a3]} 29.
Qa4 (29. Bb2 Rb8 30. Qc5 Rc8 $11) 29... Nxa1 30. Rxa1 1/2-1/2

[Event "Cappelle op 32nd"]
[Site "Cappelle la Grande"]
[Date "2016.02.17"]
[Round "6"]
[White "Payen, Arnaud"]
[Black "Gopal, Geetha Narayanan"]
[Result "0-1"]
[WhiteElo "2333"]
[BlackElo "2525"]
[Annotator "Primel,D"]
[PlyCount "82"]
[EventDate "2016.02.13"]
[EventType "swiss"]
[EventRounds "9"]
[EventCountry "FRA"]
[SourceTitle "EXT 2017"]
[Source "ChessBase"]
[SourceDate "2016.10.25"]
[SourceVersion "1"]
[SourceVersionDate "2016.10.25"]
[SourceQuality "1"]
[TimeControl "40/5400+30:1800+30"]
[WhiteClock "1:30:00"]
[BlackClock "1:30:00"]

1. d4 {Une partie importante pour Arnaud qui compensait à penser à une norme
de GMI après son gain de la veille.} Nf6 2. c4 g6 3. Nc3 d5 4. cxd5 Nxd5 5. e4
Nxc3 6. bxc3 Bg7 7. Qa4+ {Une ligne à la mode} Nd7 8. Nf3 c5 (8... O-O) 9. Be2
O-O 10. O-O Qc7 (10... a6 11. Qa3 Qc7 12. e5 b6 13. Bg5 Re8 14. h4 Bb7 15. h5
b5 16. Rac1 Rac8 17. Qb2 f6 18. Be3 fxe5 19. hxg6 hxg6 20. dxc5 Nxc5 21. Ng5
Bf6 22. c4 Qc6 23. Nf3 e4 24. Nd4 Nd3 25. Qb3 bxc4 26. Rxc4 Qxc4 27. Qxb7 Bxd4
28. Qxe4 Bg7 29. Bxd3 Qxe4 30. Bxe4 Kh7 31. g3 Red8 32. Kg2 Bd4 33. Bg5 Kg7 34.
Re1 Bf6 35. Be3 Rc4 36. Bb7 Rd6 37. Re2 g5 38. f3 a5 39. g4 a4 40. Be4 {
Riazantsev,A (2646)-Nepomniachtchi,I (2705) Berlin 2015 0-1}) 11. e5 e6 12. Bg5
h6 $146 (12... a6 13. Qa3 Re8 14. Nd2 Bf8 15. Qc1 b5 16. Bf3 Bb7 17. Ne4 Bxe4
18. Bxe4 Rac8 19. Qf4 cxd4 20. cxd4 Qa7 21. Rad1 Rc4 22. Qg3 Bg7 23. Be3 Qb8
24. f4 Nb6 25. Qf3 Rd8 26. d5 exd5 27. Bxd5 Nxd5 28. Rxd5 Rxd5 29. Qxd5 Qc8 30.
Rd1 Bf8 31. h3 Bc5 32. Qd8+ Qxd8 33. Rxd8+ Kg7 34. Bxc5 Rxc5 {1/2-1/2 (34)
Pascua,H (2386)-Laylo,D (2491) Manila 2013}) 13. Bd2 Nb6 14. Qb3 cxd4 15. cxd4
Nd5 16. Rfc1 Qd8 17. a4 b6 18. a5 Rb8 19. axb6 axb6 20. h4 Bb7 21. h5 g5 22.
Nh2 f5 23. exf6 Qxf6 24. Ng4 Qxd4 25. Ra2 Rbc8 26. Rxc8 Rxc8 27. Rc2 Ra8 28.
Ra2 Rc8 29. Rc2 Rf8 30. Bf3 Kh8 31. Bc1 Qb4 32. Qa3 Qb1 (32... Qxa3) 33. Qa2 $2
(33. Rc4 Rxf3 $5 (33... Qf5) 34. Qxf3) 33... Qxa2 34. Rxa2 Nc3 35. Rb2 Bxf3 36.
gxf3 b5 37. Kg2 Rb8 38. Rb4 Na2 39. Rb1 b4 40. Be3 b3 41. Ba7 Rb7 0-1